Desire under the elms

Kaydedildi:
Detaylı Bibliyografya
Yazar: O'Neill, Eugene (Yazar)
Materyal Türü: Kitap
Dil:İngilizce
Baskı/Yayın Bilgisi: Nueva York Random House 1959
Konular:
Etiketler: Etiketle
Etiket eklenmemiş, İlk siz ekleyin!

MARC

LEADER 00000nam a2200000 a 4500
001 UCT2911
003 CL-VaPUC
005 20220921120621.0
008 961018e19590000US |||||||||||||||||eng|d
999 |c 252800  |d 252798 
040 |c Pontificia Universidad Católica de Valparaíso 
082 0 4 |a 812  |b ONE  |2 21 
100 |a O'Neill, Eugene  |e author  |9 876871 
245 1 0 |a Desire under the elms 
246 1 4 |a The hairy ape 
260 |a Nueva York  |b Random House  |c 1959 
300 |a 124 p 
583 |a last modification  |c 19961018 00:00:00  |k Rodrigo Vera 
650 7 |a DRAMAS ESTADOUNIDENSES  |2 CL-VaPUC  |9 267218 
942 |c BK  |2 ddc 
945 |d 19961018 00:00:00  |a rleighto 
952 |0 0  |1 0  |4 0  |6 812_000000000000000_ONE_1959  |7 0  |8 A  |9 272900  |a BIBEDU  |b BIBEDU  |d 2019-11-19  |i 324251K  |o 812 ONE 1959  |p 324251K  |r 2019-11-19  |w 2019-11-19  |y BK  |k LIT